MARC

LEADER 00000nam0a2200000 4500
001 255615
005 20231101233036.0
035 |a (RuTPU)RU\TPU\book\278131 
090 |a 255615 
100 |a 20140331d1962 m y0rusy50 ca 
101 0 |a rus 
102 |a RU 
105 |a a j 001zy 
200 1 |a Теория функций действительного переменного  |e учебное пособие для вузов  |f И. П. Макаров 
205 |a 2-е изд. 
210 |a Москва  |c Высшая школа  |d 1962 
215 |a 195 с.  |c ил. 
320 |a Указатель специальных знаков: с. 193. 
320 |a Алф. указ.: с. 191-192. 
606 1 |a Функции действительных переменных  |2 stltpush  |3 (RuTPU)RU\TPU\subj\17056  |9 42900 
606 1 |a Множеств теория  |x (основания математики)  |2 stltpush  |3 (RuTPU)RU\TPU\subj\44178  |9 63549 
610 1 |a действительные числа 
610 1 |a рациональные числа 
610 1 |a точечные множества 
610 1 |a функции 
610 1 |a непрерывные кривые 
610 1 |a мера 
610 1 |a интегралы 
675 |a 517.51(075.8)  |v 3 
675 |a 510.22(075.8)  |v 3 
700 1 |a Макаров  |b И. П. 
801 1 |a RU  |b 63413507  |c 20140331 
801 2 |a RU  |b 63413507  |c 20200825  |g RCR 
942 |c BK